Guía de capacitación: investigación del género y cambio climático en la agricultura y la seguridad alimentaria para el desarrollo

Saved in:
Bibliografiske detaljer
Corporate Authors: Organización de las Naciones Unidas para la Alimentación y la Agricultura (Author), FAO (Author)
Format: Bog
Sprog:spansk
Udgivet: Roma FAO 2013
Copenhague CGIAR Universidad de Copenhague 2013
Udgivelse:1a. ed
Fag:
Tags: Tilføj Tag
Ingen Tags, Vær først til at tagge denne postø!

MARC

LEADER 00000cam a2200000 a 4500
001 UCC6873
003 CL-VaPUC
008 190118e20130000it |||||||||||||||||spa|d
020 |a 978923078356 
082 0 4 |a 363.34  |b ORG  |2 21 
110 2 |a Organización de las Naciones Unidas para la Alimentación y la Agricultura  |e author  |9 601417 
710 2 |a FAO  |e author  |9 601418 
245 1 0 |a Guía de capacitación: investigación del género y cambio climático en la agricultura y la seguridad alimentaria para el desarrollo 
250 |a 1a. ed 
300 |a 150 p 
942 |c BK 
945 |d 20190118 13:18:00  |a dcastane 
260 |a Roma  |b FAO  |c 2013 
260 |a Copenhague  |b CGIAR Universidad de Copenhague  |c 2013 
650 0 |a Cambio climático  |9 428490 
650 0 |a Agricultura  |9 255598 
650 0 |a Protección del medio ambiente  |9 257626 
583 |a last modification  |c 20190118 13:18:00  |k Rodrigo Vera 
999 |c 373723  |d 373721 
952 |0 0  |1 0  |3 erb  |4 0  |6 363_340000000000000_ORG_2013_2013  |7 0  |8 A  |9 491941  |a BIBAGR  |b BIBAGR  |i 5529352  |o 363.34 ORG 2013 2013  |p 5529352  |r 2025-01-20  |w 2019-11-24  |y BK  |z Catalogado en:20190118  |k AGR